00484nam a2200133Ia 4500008004100000100002600041245011800067245004300185260006600228260000900294300002500303500000900328650001300337170224s9999 xx 000 0 und d aRaymond S. Schmidgall aHow To Best Use Financial Ratios in Benchmarking and Decision Making in Clubs: Review of the Decade 2003–2012  cRaymond S. Schmidgall & Agnes DeFranco bInternational Journal of Hospitality & Tourism Administration c2016 a17:2, Pages: 179-197 a2016 xTourism.